000 01102cam a2200265 4500
001 J119195
008 110311s2002 000 0 eng u
035 _a(Sirsi) u119195
041 _aeng
050 _a692.8
110 _aJoint Contracts Tribunal
_93664
245 _aMain contract tendering
260 _aLondon
_bRIBA
_c2002
300 _a24p.
_c30cm.
350 _a11
490 _aJCT Practice Note
_v6 (Series 2)
520 _aSupersedes "Code of practice for single stage selective tendering" (J3579) and "Code of procedure for two stage selective tendering" (J3578).
520 _aThis Practice Note has not been revised since 2002 and is out-of-print. Digital copies can be purchased from [email protected]
650 _aBUILT ENVIRONMENT-BUILDING CONTRACT FORMS
650 _aJCT STANDARD FORM OF BUILDING CONTRACT (1998 EDITION)
650 _aPRACTICE NOTES
650 _aBUILT ENVIRONMENT-BUILDING CONTRACT FORMS-STANDARD FORMS OF BUILDING CONTRACT-JOINT CONTRACTS TRIBNUAL CONTRACTS
690 _aBUILT ENVIRONMENT-BUILDING CONTRACT FORMS
942 _n0
999 _c102265
_d102265